000 01123nam a2200217Ia 4500
999 _c40197
_d40197
001 6804
003 GE_BSU
005 20190628163500.0
008 181216s1983|||| |||||||||||||| ||geo||
041 _ageo
080 _a621.01+006+681+620 მ-80
100 _aმორბედაძე ,მ.
_93071
245 _aურთიერთშეცვლადობა, სტანდარტიზაცია და ტექნიკური გაზომვები : ნაწ.II.
_bდამხმ. სახელმძღ. /
_cმ.მორბედაძე ; ,კ. ნუცუბიძე ; რ. ბოკერია.
264 _aთბილისი :
_bცოდნა,
_c1983.
300 _a90 გვ .:
_c20 სმ
653 _aურთიერთშეცვლადობა, სტანდარტიზაცია და ტექნიკური გაზომვები
700 _a ნუცუბიძე, კ
_93072
700 _a ბოკერია, რ
_93073
700 _aძიძიგური, მ
_eრედაქტორი
_9472
942 _cBK
_2udc